| 000 | 00870nam a22002657a 4500 | ||
|---|---|---|---|
| 005 | 20081020104311.0 | ||
| 008 | 081020t xxu||||| |||| 00| 0 eng d | ||
| 010 | _aENG-84223 | ||
| 020 | _a0070636702 | ||
| 020 | _c450.00 (pbk) | ||
| 035 | _aEN-67757 | ||
| 082 | _a332.63228 / ALE | ||
| 100 | _aAlexander, Colin | ||
| 245 |
_aTiming the stock market _bwhen to buy, sell, and sell short _cby Colin Alexander |
||
| 250 | _a2nd ed | ||
| 260 |
_aNew Delhi _bTata McGraw-Hill Publishing |
||
| 260 | _c2006 | ||
| 300 |
_axiv,364p _c23cm |
||
| 500 | _aIncludes index | ||
| 650 | _aFutures | ||
| 650 | _aStock analysis | ||
| 650 | _aStocks | ||
| 942 |
_2ddc _cEN _h332.63228 _mALE |
||
| 999 |
_c17563 _d17563 |
||